Maisie Peters - The Band And I - Statistics

General Stats
  • This quiz has been taken 83 times
  • The average score is 384 of 454
Answer Stats
Answer % Correct
a
100%
an
100%
And
100%
and
100%
I
100%
in
100%
In
100%
the
100%
The
100%
band
98%
it
98%
It
98%
was
98%
We
98%
we
98%
bus
95%
do
95%
go
95%
He
95%
he
95%
played
95%
up
95%
12
93%
at
93%
bed
93%
me”
93%
on
93%
to
93%
we’re
93%
were
93%
You
93%
you
93%
her
90%
never
90%
night
90%
shop
90%
when
90%
car
88%
dream,
88%
Dream
88%
dream
88%
girl
88%
got
88%
hope
88%
I’m
88%
living
88%
My
88%
my
88%
rock
88%
Rock
88%
Seattle
88%
cookie
85%
ever
85%
heads-up
85%
home
85%
home,
85%
know!
85%
know
85%
man
85%
nights,
85%
nights
85%
of
85%
roll
85%
said
85%
then
85%
went
85%
with,
85%
bad
83%
boy
83%
Came
83%
drummer
83%
“Excuse
83%
fell
83%
for
83%
Friday
83%
give
83%
left
83%
radio
83%
wake
83%
What
83%
Gotta
80%
laundry
80%
lied
80%
make
80%
messing
80%
middle
80%
move,
80%
he’d
78%
homesick
78%
Oh,
78%
room
78%
Told
78%
twice
78%
video
78%
but
76%
by
76%
Called
76%
everything
76%
letting
76%
really
76%
Texas
76%
thought
76%
into
73%
is
73%
making
73%
mother
73%
Oregon
73%
all
71%
Denny’s
71%
If
71%
Little
71%
look
71%
old
71%
one
71%
pickup
71%
same
71%
superstar
71%
best
68%
boots
68%
border
68%
friend
68%
Greatest
68%
just
68%
like
68%
midnight
68%
Snowstorm
68%
back,
66%
control
66%
Dom
66%
gold
66%
hadn’t
66%
love
66%
stops
66%
I’d
63%
Yeah,
63%
American
61%
damn
61%
Drive
61%
drive
61%
eating
61%
endless
61%
falling
61%
gas
61%
God
61%
here
61%
it’s
61%
ocean
61%
Philadelphia,
61%
pretty
61%
right
61%
station
61%
Tina
61%
been
59%
clear
59%
crystal
59%
Now
59%
stay
59%
stoned
59%
sure
59%
that
59%
again
56%
breaking
56%
down,
56%
last
56%
lights,
56%
moment
56%
roads
56%
are
54%
certain
54%
Eagles
54%
looking
54%
shining
54%
trucks
54%
young
54%
knew
51%
power
51%
song
51%
standing
51%
think
51%
write
51%
doom
49%
feel
49%
flying
49%
pure
49%
strong
49%
21
46%
changing
46%
cuts,
46%
evergreen
46%
Guys,
46%
Juilliard
46%
magic,
46%
Two
46%
babe,
44%
wish
41%
around,
39%
clocks,
37%
farflung
37%
El
29%
Rey
29%
No matching quizzes found
Score Distribution
Percent of People with Each Score
Percentile by Number Answered
Your Score History
You have not taken this quiz